| 000 | 00839nam a22002297a 4500 | ||
|---|---|---|---|
| 003 | OSt | ||
| 005 | 20260530113917.0 | ||
| 008 | 260508b2003 mx ||||| |||| 00| 0 spa d | ||
| 040 |
_aICI _bspa _cICI _erda |
||
| 041 | _aspa | ||
| 050 |
_aTJ1631 _bA635 |
||
| 100 | 1 |
_aArena Reyes Retana, Pedro, _eautor _934183 |
|
| 245 | 1 | 0 |
_aMejoramiento de equipo de ventilación industrial en su funcionamiento : _bfabricación y embarque / _cPedro Arena Reyes Retana |
| 264 |
_aMéxico : _b[El autor], _c2003 |
||
| 300 |
_a63 hojas ; _bilustraciones |
||
| 502 |
_aTesina _b(Licenciado en diseño industrial). -- _cUniversidad Iberoamericana, _d2003 |
||
| 650 | 4 |
_aFábricas _xCalefacción y ventilación _934184 |
|
| 650 | 4 |
_aAire _xContaminación _934185 |
|
| 650 | 4 |
_aHigiene industrial _934186 |
|
| 650 | 4 |
_aDiseño industrial _915218 |
|
| 942 |
_2lcc _cBK _n1 |
||
| 999 |
_c12318 _d12318 |
||